Central Library OPAC University of Rajshahi

From ore to steel : (Record no. 16737)

MARC details
000 -LEADER
fixed length control field 00844cam a2200265u 4500
001 - CONTROL NUMBER
control field 16737
003 - CONTROL NUMBER IDENTIFIER
rucl marc code BD-RjUL
005 - DATE AND TIME OF LATEST TRANSACTION
control field 20211209000038.0
008 - FIXED-LENGTH DATA ELEMENTS--GENERAL INFORMATION
fixed length control field 140215t1958 gw a 000 0 eng
035 ## - SYSTEM CONTROL NUMBER
System control number (BD-RjUL)16792
040 ## - CATALOGING SOURCE
Original cataloging agency DLC
Transcribing agency CarP
Modifying agency DLC
-- BD-RjUL
Language of cataloging eng
041 ## - LANGUAGE CODE
Language code of text/sound track or separate title eng
082 04 - DEWEY DECIMAL CLASSIFICATION NUMBER
Classification number 672
Author mark and year TOF 1958
100 1# - MAIN ENTRY--PERSONAL NAME
Personal name Toussaint, Mathias Maria Friedrich,
Dates associated with a name 1899- [from old catalog]
9 (RLIN) 51696
245 10 - TITLE STATEMENT
Title From ore to steel :
Remainder of title the pictorial story of iron and its comversion to steel /
250 ## - EDITION STATEMENT
Edition statement 4th ed.
260 ## - PUBLICATION, DISTRIBUTION, ETC. (IMPRINT)
Place of publication, distribution, etc. Düsseldorf :
Name of publisher, distributor, etc. Verlag Stahleisen,
Date of publication, distribution, etc. 1958.
300 ## - PHYSICAL DESCRIPTION
Pagination 144 p. :
Illustrations illus. ;
Size 24 cm.
650 #0 - SUBJECT ADDED ENTRY--TOPICAL TERM
Topical term or geographic name as entry element Iron
General subdivision Metallurgy.
9 (RLIN) 41669
Topical term or geographic name as entry element Steel industry and trade.
9 (RLIN) 51697
942 ## - ADDED ENTRY ELEMENTS (KOHA)
Source of classification or shelving scheme Dewey Decimal Classification
Koha item type Books
Holdings
Lost status Source of classification or shelving scheme Damaged status Not for loan Collection code Permanent Location Current Location Shelving location Date acquired Source of acquisition Total Checkouts Full call number Date last seen Copy number Koha item type
  Dewey Decimal Classification   Not For Loan Non-fiction Central Library, University of Rajshahi Central Library, University of Rajshahi Reading Room 17/08/1965 Elemantary of F. Republic agency   672 TOF 1958 15/02/2014 C-1 Books